| 000 | 01402nam a2200337 c 4500 | ||
|---|---|---|---|
| 003 | BLK | ||
| 005 | 20190522092118.0 | ||
| 008 | 180410b bul|||||r ||||||| ||bul|| | ||
| 010 | _aKNG00158801000 | ||
| 020 |
_a978-954-9996-41-8 _bиздат.: ПСИДО |
||
| 040 | _aBLK | ||
| 041 |
_aBUL _cBUL |
||
| 072 | 7 |
_2bullib _aН15 _xПсихология Н |
|
| 080 |
_aИндивидуална психология. Психология на личността. Индивидуалност. Психология на характера. Характерология. Психологическа типология _b159.923 _x _z159.923 |
||
| 100 | 1 |
_aУзунов, Огнян _eпърви автор _9380760 |
|
| 139 |
_aУзунов, Огнян _bУ 33 |
||
| 245 | 1 | 0 |
_aХарактерология _bСравнително-интердисциплинарен прочит на "Пол и характер" от Ото Вайнингер _cОгнян Узунов. |
| 257 | _aBGR | ||
| 260 |
_аВарна _bПСИДО _c2011 |
||
| 300 |
_a248 с. _c21 см |
||
| 380 | _a1 | ||
| 500 | _aБиблиогр. с. 244-247 и под линия. | ||
| 650 | 4 |
_aХарактер _9176356 |
|
| 653 | _aхарактер | ||
| 659 | _aН | ||
| 852 | _aЦб 268286 | ||
| 856 | 4 |
_qpdf _u |
|
| 856 | 4 |
_qpdf _u |
|
| 942 |
_cKNG _n0 _03 |
||
| 944 |
_aCR _c28.03.2014 _lф / _kЛюдмила_Стоянова |
||
| 944 |
_aED _c07.05.2014 _lф / _k |
||
| 999 |
_c152329 _d152329 |
||